| 000 | 01282nam a2200313Ia 4500 | ||
|---|---|---|---|
| 003 | OSt | ||
| 005 | 20221007123242.0 | ||
| 006 | a|||||r|||| 00| 0 | ||
| 007 | ta | ||
| 008 | 221006b |||||||| |||| 00| 0 eng d | ||
| 020 |
_a0849382920 (hbd) _c _ 94.95 |
||
| 024 | _a4336 | ||
| 037 |
_bNarosa, _cTextual |
||
| 040 |
_aPAPL _cPAPL _beng |
||
| 041 |
_2eng _aeng |
||
| 082 | _aB27M090bE:219, N6 | ||
| 100 |
_aFernandez Francisco M _9716967 |
||
| 245 | 0 |
_aAlgebraic methods in quantum chemistry and physics by Francisco M Fernandez and Eduardo A Castro _b Castro Eduardo A |
|
| 260 |
_aBoca _bRaton CRC Press _c1996 |
||
| 300 |
_avii,269p _ccm. |
||
| 490 | _aMathematical chemistry series | ||
| 500 | _aAppendix A-B,245-254p; Bibliographical references 255-259p; Index 261-269p; ^n23/CSL/Carpa/96-97/4007^d1997-02-19^mPurchase; ; 96-97/434^b1997-03-03^c044403^d1997-02-25^eNarosa Book Distributors Private Limited; ; 1997-03-07^bSB^c1997-08-26^r1997-11-05 | ||
| 650 |
_a Group theory _9440733 |
||
| 650 |
_a Lie algebra irt Quantum chemistry _9716968 |
||
| 650 | _aMathematics | ||
| 700 |
_a Castro Eduardo A _9716969 |
||
| 942 |
_hB27M090bE:219, N6 _cTEXL _2CC |
||
| 999 |
_c1211599 _d1211599 |
||